000
00340nam a2200133Ia 4500
008
240624s9999 xx 000 0 und d
041
_a
eng
082
_a
330.973001 GRE
100
_a
GREENSPAN ALAN
245
_a
MAP AND THE TERRITORY RISK HUMAN NATURE
260
_c
2013
_a
New York
_b
Penguin
300
_a
388 p.; 23 cm.
365
_c
_b
33
999
_c
32323
_d
32323